[Event "Vladimir Petrov Mem A 2012"]
[Site "Jurmala LAT"]
[Date "2012.02.17"]
[Round "7.5"]
[White "Gleizerov, Evgeny"]
[Black "Fedorchuk, Sergey A."]
[Result "1-0"]
[WhiteTitle "GM"]
[BlackTitle "GM"]
[WhiteElo "2566"]
[BlackElo "2634"]
[WhiteFideId "4101332"]
[BlackFideId "14102536"]
[EventDate "2012.02.16"]

1. d4 Nf6 2. c4 e6 3. g3 Bb4+ 4. Bd2 a5 5. Nf3 b6 6. Bg2 Bb7 7. O-O O-O 8. Bg5
Be7 9. Nc3 Ne4 10. Bxe7 Qxe7 11. Qc2 Nxc3 12. Qxc3 d6 13. Nd2 Bxg2 14. Kxg2 e5
15. e4 Nc6 16. d5 Nd4 17. Nb3 Nxb3 18. axb3 f5 19. exf5 Rxf5 20. b4 e4 21. bxa5
bxa5 22. Rae1 a4 23. Qc2 Re5 24. Re3 Rb8 25. Rfe1 Qf6 26. R1e2 h6 27. Qxa4 Rf5
28. Qc2 Re5 29. b3 Rf8 30. Rxe4 Qf3+ 31. Kg1 Ra8 32. Rxe5 dxe5 33. Re1 Ra3 34.
Qb2 Rxb3 35. Qxe5 Rb4 36. Qxc7 Qc3 37. Qc8+ 1-0

[Event "Vladimir Petrov Mem A 2012"]
[Site "Jurmala LAT"]
[Date "2012.02.17"]
[Round "8.2"]
[White "Fridman, Daniel"]
[Black "Fedoseev, Vladimir3"]
[Result "1-0"]
[WhiteTitle "GM"]
[BlackTitle "GM"]
[WhiteElo "2660"]
[BlackElo "2525"]
[WhiteFideId "11600454"]
[BlackFideId "24130737"]
[EventDate "2012.02.16"]

1. d4 Nf6 2. Nf3 g6 3. c4 Bg7 4. g3 O-O 5. Bg2 d5 6. O-O dxc4 7. Na3 c3 8. bxc3
c5 9. Ne5 Nfd7 10. Nec4 Nc6 11. Be3 cxd4 12. cxd4 e6 13. Nb5 Nb6 14. Nxb6 Qxb6
15. d5 Qxb5 16. dxc6 bxc6 17. Rc1 Bb7 18. Rb1 Qa6 19. Be4 Rab8 20. Bc5 Rfd8 21.
Qb3 Qxe2 22. Bf3 Qb5 23. Qe3 Qa6 24. Be2 Qa5 25. Bxa7 Bh6 26. Qb6 Qxa2 27. Bxb8
Rxb8 28. Bf3 Bf8 29. Qc7 Qa8 30. Bxc6 1-0

[Event "Vladimir Petrov Mem A 2012"]
[Site "Jurmala LAT"]
[Date "2012.02.17"]
[Round "8.3"]
[White "Grachev, Boris"]
[Black "Khairullin, Ildar"]
[Result "0-1"]
[WhiteTitle "GM"]
[BlackTitle "GM"]
[WhiteElo "2693"]
[BlackElo "2638"]
[WhiteFideId "4129199"]
[BlackFideId "4151348"]
[EventDate "2012.02.16"]

1. d4 Nf6 2. Nf3 e6 3. c3 c5 4. e3 Nc6 5. Nbd2 d5 6. Bd3 Bd6 7. dxc5 Bxc5 8. b4
Bd6 9. O-O O-O 10. a3 a5 11. b5 Ne5 12. Nxe5 Bxe5 13. Bb2 Qe7 14. Qc2 h6 15. c4
Bxb2 16. Qxb2 Rd8 17. Rfd1 Bd7 18. cxd5 Nxd5 19. Be4 Be8 20. Nc4 Qc5 21. Rac1
Qxb5 22. Qxb5 Bxb5 23. Bxd5 Rxd5 24. Rxd5 exd5 25. Nb6 Ra6 26. Nxd5 Rd6 27. e4
Bc6 28. Rc5 Bxd5 29. exd5 b6 30. Rb5 g5 31. f4 Rf6 32. fxg5 hxg5 33. d6 Rxd6 34.
Rxg5+ Kh7 35. Rb5 Rd3 36. a4 Rd4 37. Rxb6 Rxa4 38. Ra6 Ra2 39. h3 a4 40. Kh2 a3
41. Kg3 Ra1 42. Kh4 Kg7 43. Kh5 a2 44. h4 Kh7 45. Ra7 Kg7 46. Kg5 Kg8 47. Kh6
Kf8 48. h5 f5 49. Kg6 f4 50. Kf6 Kg8 51. Kg6 Rh1 52. h6 Kf8 0-1

[Event "Vladimir Petrov Mem A 2012"]
[Site "Jurmala LAT"]
[Date "2012.02.17"]
[Round "8.4"]
[White "Novikov, Stanislav"]
[Black "Khenkin, Igor"]
[Result "1/2-1/2"]
[WhiteTitle "GM"]
[BlackTitle "GM"]
[WhiteElo "2552"]
[BlackElo "2631"]
[WhiteFideId "4125371"]
[BlackFideId "4659600"]
[EventDate "2012.02.16"]

1. e4 c6 2. c4 d5 3. exd5 Nf6 4. Nc3 cxd5 5. cxd5 Nxd5 6. Nf3 Nc6 7. d4 Bg4 8.
Qb3 Bxf3 9. gxf3 e6 10. Qxb7 Nxd4 11. Bb5+ Nxb5 12. Qxb5+ Qd7 13. Qxd7+ Kxd7 14.
Nxd5 exd5 15. O-O Bc5 16. Bf4 Rhd8 17. Rad1 Ke6 18. Rfe1+ Kf5 19. Bc7 Rd7 20.
Re5+ Kf6 21. Rdxd5 Bxf2+ 22. Kxf2 Rxc7 23. Rf5+ Kg6 24. Rg5+ 1/2-1/2

[Event "Vladimir Petrov Mem A 2012"]
[Site "Jurmala LAT"]
[Date "2012.02.17"]
[Round "8.5"]
[White "Samolins, Vitalijs"]
[Black "Gleizerov, Evgeny"]
[Result "0-1"]
[WhiteTitle "IM"]
[BlackTitle "GM"]
[WhiteElo "2407"]
[BlackElo "2566"]
[WhiteFideId "11602112"]
[BlackFideId "4101332"]
[EventDate "2012.02.16"]

1. e4 e6 2. d3 d5 3. Nd2 c5 4. g3 Nc6 5. Bg2 g6 6. Ngf3 Bg7 7. O-O Nge7 8. Re1
b6 9. c3 Ba6 10. Nf1 dxe4 11. dxe4 Qxd1 12. Rxd1 O-O 13. Bg5 Rfd8 14. Bxe7 Nxe7
15. Ne3 Bb7 16. Ne1 b5 17. Rxd8+ Rxd8 18. Rd1 Rxd1 19. Nxd1 Nc6 20. f4 c4 21. e5
Bf8 22. Be4 Na5 23. Bxb7 Nxb7 24. Nc2 Nc5 25. Nd4 a6 26. Kf2 Nd3+ 27. Ke3 Nc1
28. Kd2 Nd3 29. b3 g5 30. bxc4 bxc4 31. Ne3 gxf4 32. Nxc4 fxg3 33. hxg3 Nc5 34.
Ke3 Kg7 35. g4 Kg6 36. Nf3 Nd7 37. Ke4 Bc5 38. Ncd2 Bb6 39. Nc4 Bc7 40. Kd4 h6
41. Ke4 f6 42. Kd4 f5 43. Nh4+ Kg5 44. gxf5 exf5 45. e6 Nf6 46. Nf3+ Kf4 47.
Nfe5 h5 48. e7 h4 49. Ng6+ Kg5 50. Nf8 Ne8 51. Kd5 h3 52. Nd2 Kf6 53. Nf3 h2 0-1

[Event "Vladimir Petrov Mem A 2012"]
[Site "Jurmala LAT"]
[Date "2012.02.17"]
[Round "9.2"]
[White "Khairullin, Ildar"]
[Black "Kovalenko, Igor"]
[Result "1-0"]
[WhiteTitle "GM"]
[BlackTitle "GM"]
[WhiteElo "2638"]
[BlackElo "2587"]
[WhiteFideId "4151348"]
[BlackFideId "14117908"]
[EventDate "2012.02.16"]

1. c4 e5 2. g3 Nf6 3. Bg2 c6 4. d4 exd4 5. Qxd4 d5 6. cxd5 cxd5 7. Nf3 Nc6 8.
Qa4 Bc5 9. O-O O-O 10. Bg5 h6 11. Bxf6 Qxf6 12. Nc3 Be6 13. Rad1 Rad8 14. Qb5
Bb6 15. Na4 d4 16. Nxb6 axb6 17. Qxb6 Bc4 18. Rd2 Rfe8 19. Re1 Rd7 20. b3 Ba6
21. b4 Rd6 22. b5 Ne5 23. Qa5 Nc4 24. Qb4 Nxd2 25. Nxd2 Rde6 26. Bf3 d3 27. e3
Rd8 28. bxa6 bxa6 29. Rb1 a5 30. Qc4 Rb6 31. Rxb6 Qxb6 32. Bd5 Qd6 33. e4 Qa3
34. Bxf7+ Kh8 35. Bd5 Rf8 36. Kg2 a4 37. Qd4 Rb8 38. Nf3 Rb1 39. Qe5 Qf8 40. Qc3
Rd1 41. Ne5 Kh7 42. Nxd3 Qb8 43. Qb4 Qc8 44. Nc5 Qf8 45. Qc3 Qc8 46. Nxa4 Qa6
47. Qc4 Qa5 48. Nb2 Rd2 49. Nd3 Qb6 50. e5 h5 51. e6 Re2 52. Qf4 Qb5 53. Qf5+
Kh6 54. Nf4 1-0

[Event "Vladimir Petrov Mem A 2012"]
[Site "Jurmala LAT"]
[Date "2012.02.17"]
[Round "9.4"]
[White "Azarov, Sergei"]
[Black "Sulskis, Sarunas"]
[Result "0-1"]
[WhiteTitle "GM"]
[BlackTitle "GM"]
[WhiteElo "2667"]
[BlackElo "2595"]
[WhiteFideId "13501470"]
[BlackFideId "12800112"]
[EventDate "2012.02.16"]

1. e4 e5 2. Nf3 Nc6 3. Bb5 a6 4. Ba4 Nf6 5. O-O Nxe4 6. d4 b5 7. Bb3 d5 8. dxe5
Be6 9. Nbd2 Nc5 10. c3 g6 11. Nd4 Nxe5 12. Qe2 Bg7 13. f4 Ned3 14. f5 gxf5 15.
Nxf5 Rg8 16. Bc2 Qg5 17. Nxg7+ Rxg7 18. Nf3 Nxc1 19. Raxc1 Qg4 20. g3 Ne4 21.
Qg2 Qh5 22. Rfe1 O-O-O 23. Bxe4 dxe4 24. Rxe4 Bd5 25. Rf4 Qh6 26. Re1 Qxf4 27.
gxf4 Rxg2+ 28. Kxg2 Bxa2 29. Kf2 Rd6 30. Re8+ Kb7 31. Re7 Bd5 32. Ng5 Rh6 33.
Kg3 Rg6 34. Kh4 Rh6+ 35. Kg3 Rg6 36. Kh4 a5 37. f5 Rh6+ 38. Kg3 a4 39. h4 a3 40.
bxa3 Ra6 41. Nxf7 Rxa3 42. Kf4 Rxc3 43. Nd6+ Kb6 44. Ne4 Rc1 45. Nf6 Rf1+ 46.
Kg5 Bc4 47. Nd7+ Ka5 48. Ne5 Bd5 49. Rxc7 Be4 50. Ra7+ Kb6 51. Rf7 b4 52. Nc4+
Kc5 53. Rc7+ Kd4 54. Nd6 Bd3 55. Rb7 Kc5 56. Rb8 Kxd6 57. Rd8+ Ke5 58. Rxd3
Rxf5+ 59. Kh6 Rf7 60. h5 Rb7 61. Re3+ Kd4 62. Rg3 b3 63. Rg4+ Ke5 64. Rg5+ Kf4
65. Rg1 b2 66. Rf1+ Ke3 67. Rb1 Kd4 68. Rxb2 Rxb2 69. Kxh7 Ke5 70. Kg6 Rb6+ 71.
Kg7 Kf5 0-1

[Event "Vladimir Petrov Mem A 2012"]
[Site "Jurmala LAT"]
[Date "2012.02.17"]
[Round "9.5"]
[White "Kurnosov, Igor"]
[Black "Novikov, Stanislav"]
[Result "0-1"]
[WhiteTitle "GM"]
[BlackTitle "GM"]
[WhiteElo "2648"]
[BlackElo "2552"]
[WhiteFideId "4142527"]
[BlackFideId "4125371"]
[EventDate "2012.02.16"]

1. e4 g6 2. d4 Bg7 3. Nc3 c6 4. f4 Qb6 5. Nf3 d5 6. e5 Bg4 7. Be2 Nh6 8. Ng5
Bxe2 9. Nxe2 c5 10. c3 Nc6 11. Nf3 f6 12. dxc5 Qxc5 13. Ned4 Nxd4 14. Nxd4 Qb6
15. Qa4+ Kf7 16. e6+ Kf8 17. Qb3 f5 18. Qxd5 Rd8 19. Qb3 Bxd4 20. cxd4 Qxd4 21.
Be3 Qe4 22. Rd1 Rxd1+ 23. Kxd1 Ng4 24. Re1 Qxg2 25. Bd4 Rg8 26. Qc3 Qc6 27. Qxc6
bxc6 28. Bxa7 Kg7 29. Bd4+ Kh6 30. Kc2 g5 31. h3 Nh2 32. fxg5+ Kg6 33. Bc5 Nf3
34. Re3 Nxg5 35. h4 Ne4 36. Bxe7 Re8 37. Bg5 Rxe6 38. Bf4 Kh5 39. a4 Kg4 40. Bc7
f4 41. Re1 f3 42. Bb6 c5 43. Rg1+ Kh3 44. a5 f2 45. Ra1 Kg2 46. a6 Rxb6 47. a7
Ra6 48. Rxa6 f1=Q 49. a8=Q Qc4+ 50. Kd1 Kf1 51. Ra4 Nf2+ 52. Kd2 Qd3+ 0-1